Markovovská rovnováha dokonalá z hľadiska podriadených hier v konečnej nekooperatívnej hre so sieťovými externalitami a investíciami: aplikácia na duopol v oblasti informačných technológií

Saved in:
Bibliographic Details
Main Author: Krutek, Igor (Author)
Format: Manuscript Book
Language:Slovak
Published: Bratislava : STU v Bratislave FEI, 2001
Subjects:
Tags: Add Tag
No Tags, Be the first to tag this record!

MARC

LEADER 00000ntm a22000003a 4500
001 stu73547
005 20160719164703.1
008 020201s2001------------------------slo-d
040 |a STU  |b slo 
041 0 |a slo 
100 1 |a Krutek, Igor  |4 aut 
245 1 |a Markovovská rovnováha dokonalá z hľadiska podriadených hier v konečnej nekooperatívnej hre so sieťovými externalitami a investíciami: aplikácia na duopol v oblasti informačných technológií 
260 |a Bratislava :  |b STU v Bratislave FEI,  |c 2001 
300 |a 73 s 
650 7 |a informatika  |2 stusub 
996 |b EDIPL-6845  |c I*DIPL-6845  |l II680  |s A  |a 24  |w stu73547_0001